000 00570nam a2200241Ia 4500
003 IT-RoPAU
008 120407s9999 xx 000 0 und d
040 _aIT-RoPAU
040 _cIT-RoPAU
041 _aita
100 _aFrancesco Licinio Galati
100 _ca cura di
245 _aDizionario della Letteratura Mondiale del 900. G - O
250 _aRoma
260 _aEdizioni Paoline
260 _c1980
300 _c22 cm
490 _aI dizionari, 8
490 _v1
600 _a1. Letteratura Mondiale, Dizionari.
942 _cBK
999 _c14151
_d14151